000 00606nam a2200229Ia 4500
003 OSt
005 20220924143947.0
006 a|||||r|||| 00| 0
007 ta
008 220923b |||||||| |||| 00| 0 urd d
024 _a311320
037 _cTextual
040 _aARTS
_cARTS
_burd
041 _2urd
_aurd
082 _aO168,1.4452, P3
100 _aSyed Amjad Husain Ed.
_9216919
245 0 _aUttar pradesh mae Urdu marsiya nigari
260 _c2003
650 _aURDU POETRY
942 _hO168,1.4452, P3
_cTEXL
_2CC
999 _c455910
_d455910